000 00533nam a2200181 i 4500
001 35930
003 ES-MaACL
005 20250925150147.0
007 t|
008 030214s1973 sp ||||1| spa d
100 1 _aBroeckhoven, Egide van.
_931863
245 1 0 _aDiario de la amistad /
_cEgide van Broeckhoven ; [traducción de: C. Puerto].
260 _aMadrid :
_bNarcea,
_c[1973]
300 _a182 p. ;
_c21 cm.
700 1 _aPuerto, Carlos,
_d1942-
_9149397
852 _aES-MaACL
_jC-53997
_bR.86720
999 _c35930
_d35930